000 00472pab a2200181 454500
008 180718b2009 xxu||||| |||| 00| 0 eng d
100 _aDash, Satya Prakash
245 _aDisplacement and resettlement management in Thailand
260 _c2009
300 _ap.23-26.
362 _a21 Nov
650 _aRefugees - Thailand
650 _aResettlement - Thailand
650 _aResettlement
773 _aEconomic and Political Weekly
908 _aN
909 _a84777
999 _c84777
_d84777